Statistics for Puerto Rico Municipalities by Shape

Click here to take the quiz!

General Stats

  • This quiz has been taken 8 times
  • The average score is 48 of 78

Answer Stats

Answer% Correct
Añasco
100%
Hormigueros
100%
Aguada
75%
Aguas Buenas
75%
Bayamón
75%
Cabo Rojo
75%
Camuy
75%
Cataño
75%
Cayey
75%
Ciales
75%
Culebra
75%
Fajardo
75%
Guayama
75%
Guaynabo
75%
Gurabo
75%
Hatillo
75%
Humacao
75%
Isabela
75%
Juana Díaz
75%
Las Piedras
75%
Loíza
75%
Maricao
75%
Maunabo
75%
Moca
75%
Naranjito
75%
Patillas
75%
Peñuelas
75%
Quebradillas
75%
Rincón
75%
Sabana Grande
75%
San Lorenzo
75%
Santa Isabel
75%
Utuado
75%
Vieques
75%
Yauco
75%
Adjuntas
50%
Aguadilla
50%
Aibonito
50%
Arecibo
50%
Arroyo
50%
Barceloneta
50%
Barranquitas
50%
Caguas
50%
Canóvanas
50%
Carolina
50%
Ceiba
50%
Cidra
50%
Coamo
50%
Comerío
50%
Corozal
50%
Dorado
50%
Florida
50%
Guánica
50%
Guayanilla
50%
Jayuya
50%
Juncos
50%
Lajas
50%
Lares
50%
Las Marías
50%
Luquillo
50%
Manatí
50%
Mayagüez
50%
Morovis
50%
Naguabo
50%
Orocovis
50%
Ponce
50%
Río Grande
50%
Salinas
50%
San Germán
50%
San Juan
50%
San Sebastián
50%
Toa Alta
50%
Toa Baja
50%
Trujillo Alto
50%
Vega Alta
50%
Vega Baja
50%
Villalba
50%
Yabucoa
50%

Score Distribution

Percentile by Number Answered

Percent of People with Each Score

Your Score History

You have not taken this quiz